ბათუმის შოთა რუსთაველის სახელმწიფო უნივერსიტეტის ბიბლიოთეკა

საქართველოს გეოგრაფიული ატლასი / (ბიბ.ჩანაწერი № 58626)

000 -ლიდერი
ფიქსირებული სიგრძის საკონტროლო ველი 02836nam a22002417a 4500
003 - საკონტროლო ნომრის იდენტიფიკატორი
საკონტროლო ველი Ge_BSU
005 - ბოლო ოპერაციის თარიღი და დრო
საკონტროლო ველი 20220617120631.0
008 - ფიქსირებული სიგრძის მონაცემთა ელემენტები - ზოგადი ინფორმაცია
ფიქსირებული სიგრძის საკონტროლო ველი 220617s2018 ge ||||| |||| 00| 0 geo d
020 ## - წიგნის საერთაშორისო სტანდარტული ნომერი
International Standard Book Number 9789941249846
041 ## - ენის კოდი
Language code of text/sound track or separate title geo
080 ## - უნივერსალური ათობითი კლასიფიკაციის ინდექსი
Universal Decimal Classification number 913(479.22)(084.4) ს-32
245 ## - ცნობა სათაურის შესახებ
Title საქართველოს გეოგრაფიული ატლასი /
Statement of responsibility, etc ივანე ჯავახიშვილის სახელობის თბილისის სახელმწიფო უნივერსიტეტი, ვახუშტი ბაგრატიონის სახელობის გეოგრაფიის ინსტიტუტი ; შემდგენლები: გესლაიძე ნინო, ირემაშვილი ანა, კუმლაძე რომან [და სხვ.] ; მაკეტის კონცეფცია, ტექსტი და ფოტოების შერჩევა: გულიკო ლიპარტელიანი, მანანა ქურთუბაძე ; რუკების ავტორები და თანაავტორები: ასლანიკაშვილი ალექსანდრე, ბასილაშვილი ცისანა, ბაცაცაშვილი ქეთევან [და სხვ.] ; რედაქტორები: ნანა ბოლაშვილი, რევაზ გაჩეჩილაძე, ვაჟა ნეიძე, ლევან ტიელიძე.
264 ## - წარმოების, გამოცემის, დისტრიბუციის და სხვა ცნობები
გამოცემის, წარმოების, დისტრიბუციის... ადგილი თბილისი :
გამოცემის, წარმოების, დისტრიბუციის... სახელწოდება პალიტრა L,
გამოცემის, წარმოების, დისტრიბუციის... თარიღი 2018.
300 ## - ფიზიკური აღწერა
Extent 184 გვ. :
Other physical details რუკები, ფოტ. ;
Dimensions 31 სმ.
500 ## - ზოგადი შენიშვნა
General note ატლასი ეძღვნება XX საუკუნის თვალსაჩინო გეოგრაფსა და კარტოგრაფს ალექსანდრე ასლანიკაშვილს (1916-1981).
504 ## - BIBLIOGRAPHY, ETC. NOTE
Bibliography, etc ბიბლიოგრაფია: გვ. 174-182
653 ## - INDEX TERM--UNCONTROLLED
Uncontrolled term საქართველოს გეოგრაფიული ატლასი.
700 ## - ADDED ENTRY--PERSONAL NAME
Personal name გესლაიძე, ნინო
Relator term შემდგენელი
9 (RLIN) 14128
700 ## - ADDED ENTRY--PERSONAL NAME
Personal name ირემაშვილი, ანა და სხვ.
Relator term შემდგენელი
9 (RLIN) 14129
700 ## - ADDED ENTRY--PERSONAL NAME
Personal name ტიელიძე, ლევან
Relator term რედაქტორი
9 (RLIN) 14130
710 ## - ADDED ENTRY--CORPORATE NAME
Corporate name or jurisdiction name as entry element ივანე ჯავახიშვილის სახელობის თბილისის სახელმწიფო უნივერსიტეტი. ვახუშტი ბაგრატიონის სახელობის გეოგრაფიის ინსტიტუტი
9 (RLIN) 14131
942 ## - ADDED ENTRY ELEMENTS (KOHA)
Source of classification or shelving scheme
Koha item type წიგნი
ეგზემპლარები
ჩამოწერის სტატუსი დაკარგული ეგზემპლარის სტატუსი კლასიფიკაციის წყარო ან თაროზე გაწყობის სქემა დაზიანების სტატუსი არ გაიცემა მუდმივი მდებარეობა (დაცვის ადგილი) ამჟამინდელი ადგილსამყოფელი თაროზე განთავსების ადგილი შეძენის თარიღი ღირებულება, შესყიდვის ნორმალური ფასი სრული შენახვის შიფრი შტრიხკოდი ბოლო ოპერაციის თარიღი ეგზემპლარის მიმდევრობითი ნომერი (კეტერი?) Uniform Resource Identifier ფასის ძალაში შესვლის თარიღი ეგზემპლარის სახეობა საჯარო შენიშვნა
          ბათუმის შოთა რუსთაველის სახელმწიფო უნივერსიტეტის მთავარი ბიბლიოთეკა ბათუმის შოთა რუსთაველის სახელმწიფო უნივერსიტეტის მთავარი ბიბლიოთეკა წიგნსაცავი 2022-06-17 40.00 913(479.22)(084.4) ს-32 62694 2022-06-17 62694 გადაეცა გეოგრაფიის დეპარტამენტს მიღება ჩაბარების აქტი#10 2022-06-17 წიგნი 40 ლ.
          ბათუმის შოთა რუსთაველის სახელმწიფო უნივერსიტეტის მთავარი ბიბლიოთეკა ბათუმის შოთა რუსთაველის სახელმწიფო უნივერსიტეტის მთავარი ბიბლიოთეკა წიგნსაცავი 2022-06-17 40.00 913(479.22)(084.4) ს-32 62695 2022-06-17 62695 გადაეცა გეოგრაფიის დეპარტამენტს მიღება ჩაბარების აქტი#10 2022-06-17 წიგნი 40 ლ.
          ბათუმის შოთა რუსთაველის სახელმწიფო უნივერსიტეტის მთავარი ბიბლიოთეკა ბათუმის შოთა რუსთაველის სახელმწიფო უნივერსიტეტის მთავარი ბიბლიოთეკა წიგნსაცავი 2022-06-17 40.00 913(479.22)(084.4) ს-32 62696 2022-06-17 62696 გადაეცა გეოგრაფიის დეპარტამენტს მიღება ჩაბარების აქტი#10 2022-06-17 წიგნი 40 ლ.
          ბათუმის შოთა რუსთაველის სახელმწიფო უნივერსიტეტის მთავარი ბიბლიოთეკა ბათუმის შოთა რუსთაველის სახელმწიფო უნივერსიტეტის მთავარი ბიბლიოთეკა წიგნსაცავი 2022-06-17 40.00 913(479.22)(084.4) ს-32 62697 2022-06-17 62697 გადაეცა გეოგრაფიის დეპარტამენტს მიღება ჩაბარების აქტი#10 2022-06-17 წიგნი 40 ლ.
          ბათუმის შოთა რუსთაველის სახელმწიფო უნივერსიტეტის მთავარი ბიბლიოთეკა ბათუმის შოთა რუსთაველის სახელმწიფო უნივერსიტეტის მთავარი ბიბლიოთეკა წიგნსაცავი 2022-06-17 40.00 913(479.22)(084.4) ს-32 62698 2022-06-17 62698 გადაეცა გეოგრაფიის დეპარტამენტს მიღება ჩაბარების აქტი#10 2022-06-17 წიგნი 40 ლ.